| 000 | 00433nam a2200157Ia 4500 | ||
|---|---|---|---|
| 008 | 221030s9999 xx 000 0 und d | ||
| 020 | _a9789351073987 | ||
| 041 | _aEnglish | ||
| 100 | _aS. M. Ross | ||
| 245 | 0 |
_aIntroduction to Probability & Statistics for Engineers & Scientists 6th Edition _cby S. M. Ross |
|
| 250 | _a6th | ||
| 260 |
_bElsevier Pub _aNew Delhi _c2021 |
||
| 300 | _a687 | ||
| 650 | _aBE Computer | ||
| 942 | _cBK | ||
| 999 |
_c18688 _d18688 |
||